000 00708nam a22002057a 4500
003 UA-OsUOA
001 12009
007 ta
008 20050413b un ||||| |||| 00| 0 ukr d
100 _aЦюлюпа С.
700 _aТерлецький М.
700 _aСтолярчук Б.
942 _cSA
040 _aUA-OsUOA
_cUA-OsUOA
_dUA-OsUOA
245 _aА музиці немає кінця
_b[Про видат. музиканта, диригента, педагога, громад. діяча В'ячеслава Старченка]
300 _aС.4
955 _a0
773 0 _w0
_tВісті Рівненщини
_dРівне
_d2005
_g№25/1 квіт./
650 7 _aДиригенти
_2UDC
999 _c298170
_d298170